[Event "Skopje op"]
[Site "Skopje"]
[Date "1998.12.15"]
[Round "4"]
[White "Cvetkovski, Slobodan"]
[Black "Dmitrovic, Zoran"]
[Result "1/2-1/2"]
[WhiteElo "2065"]
[BlackElo "2185"]

1.e4 e5 2.Nf3 Nc6 3.Bb5 a6 4.Ba4 Nf6 5.O-O b5 6.Bb3 Bb7 7.c3 Nxe4 8.Re1 Nf6
9.Nxe5 Nxe5 10.Rxe5+ Be7 11.d4 O-O 12.Bg5 d6 13.Re1 Qd7 14.Nd2 Rfe8 15.a4 Qf5
16.Be3 Ng4 17.Bc2 Nxe3 18.Bxf5 Nxd1 19.Raxd1 Bg5 20.Nf1 g6 21.Bc2 f5 22.Bb3+ Kf8
23.Ne3 c6 24.Kf1 Re7 25.Nc2 Rxe1+ 26.Rxe1 Re8 27.f3 Rxe1+ 28.Nxe1 c5 29.dxc5 dxc5
30.axb5 axb5 31.c4 Ba6 32.Nd3 bxc4 33.Nxc5 cxb3+ 34.Nxa6 Bf4 35.Nc5 Bxh2
36.Kf2 Bd6 37.Nxb3 Be5 38.Na5 Bxb2 39.f4 Kf7 40.Kf3 Ke6 41.Nc4 Bd4 42.Nd2 Kd5
43.Nf1 h6 44.Nd2 Bb2 45.Nb3 Bc3 46.Nc1 h5 47.Ne2 Bf6 48.Ng1 Bb2 49.Nh3 Bf6
50.Nf2  1/2-1/2

[Event "Groningen op"]
[Site "Groningen"]
[Date "1998.12.29"]
[Round "9"]
[White "Socko, Bartosz"]
[Black "Sturua, Zurab"]
[Result "0-1"]
[WhiteElo "2475"]
[BlackElo "2600"]

1.e4 e5 2.Nf3 Nc6 3.Bb5 a6 4.Ba4 Nf6 5.O-O b5 6.Bb3 Bb7 7.d3 Be7 8.Nbd2 O-O
9.Re1 Re8 10.c3 h6 11.Nf1 Bf8 12.h3 Na5 13.Bc2 d5 14.Qe2 c5 15.Ng3 c4 16.exd5 Qxd5
17.dxc4 Nxc4 18.b3 e4 19.Nd4 Na3 20.Bxa3 Bxa3 21.Rad1 Bf8 22.Ngf5 Qc5 23.Qe3 Rac8
24.Qg3 Kh7 25.Re3 g6 26.Qh4 Qb6 27.Rg3 Re5 28.Qf4 Rce8 29.Nh4 g5 30.Qe3 gxh4
31.Rf3 Kh8  0-1

[Event "Rilton Cup 9899"]
[Site "Stockholm"]
[Date "1998.12.29"]
[Round "2"]
[White "McShane, Luke J"]
[Black "Furhoff, Johan"]
[Result "1-0"]
[WhiteElo "2470"]
[BlackElo "2265"]

1.e4 e5 2.Nf3 Nc6 3.Bb5 a6 4.Ba4 Nf6 5.O-O b5 6.Bb3 Bb7 7.d3 Bd6 8.c3 O-O
9.Nbd2 Re8 10.Ng5 Re7 11.f4 h6 12.Ngf3 exf4 13.Nh4 Ne5 14.Qe2 Re8 15.d4 Nc4
16.Nxc4 Rxe4 17.Nxd6 Rxe2 18.Bxf7+ Kh7 19.Bg6+ Kg8 20.Nxb7 Qe7 21.Bd3 Re1
22.Bxf4 Rxa1 23.Rxa1 d6 24.Na5 Re8 25.Nf5 Qd7 26.Rf1 Nd5 27.Bg3 Ne3 28.Nxe3 Rxe3
29.Bf5 Qe8 30.d5 Re2 31.Nc6 Qe3+ 32.Bf2 Qg5 33.Bd3 Rxb2 34.h4 Qg4 35.Ne7+ Kf7
36.Ng6 Ke8 37.Bg3  1-0

[Event "Lost Boys op"]
[Site "Antwerp"]
[Date "1998.??.??"]
[Round "3"]
[White "Wantiez, Fabrice"]
[Black "Van de Oudeweetering, Arthur"]
[Result "1-0"]
[WhiteElo "2110"]
[BlackElo "2345"]

1.e4 e5 2.Nf3 Nc6 3.Bb5 a6 4.Ba4 Nf6 5.O-O b5 6.Bb3 Bb7 7.c3 Nxe4 8.d4 Na5
9.Bc2 exd4 10.Nxd4 c5 11.Bxe4 Bxe4 12.Re1 d5 13.Nf5 g6 14.Ne3 Be7 15.f3 d4
16.cxd4 Bxb1 17.d5 O-O 18.Rxb1 Bf6 19.b3 Qb6 20.Kh1 Rad8 21.Bb2 Bd4 22.b4 Bxb2
23.Rxb2 cxb4 24.Rxb4 Qc5 25.Rd4 Rfe8 26.Re4 f5 27.Re6 Rf8 28.Re5 Rfe8 29.Rxe8+ Rxe8
30.Nc2 Rxe1+ 31.Qxe1 Nc4 32.Nb4 a5 33.Nc6 Kf8 34.Qh4 Ne3 35.Qf6+ Ke8 36.Qh8+ Kd7
37.Qd8+  1-0

[Event "Regionalliga SO9798"]
[Site "Bayern"]
[Date "1998.??.??"]
[Round "?"]
[White "Moser, Wolfgang"]
[Black "Mittermeier, Josef"]
[Result "1-0"]
[WhiteElo "2055"]
[BlackElo "1985"]

1.e4 e5 2.Nf3 Nc6 3.Bb5 a6 4.Ba4 Nf6 5.O-O b5 6.Bb3 Bb7 7.Re1 Bc5 8.c3 d6
9.d4 Bb6 10.Bg5 h6 11.Bh4 Qe7 12.d5 Na7 13.Nbd2 g5 14.Bg3 O-O-O 15.a4 h5
16.h4 gxh4 17.Nxh4 Rdg8 18.Nf5 Qd7 19.Bh4 Rg6 20.Qf3 Rhg8 21.Bxf6 Rxf6 22.Nf1 Kb8
23.Bc2 Nc8 24.axb5 axb5 25.N1e3 Ne7 26.Qxh5 Nxf5 27.Nxf5 Rfg6 28.g3 Qd8 29.Kg2 Bc8
30.Rh1 Qf6 31.Qe2 Rg4 32.Rh3 Bd7 33.Bd3 c6 34.dxc6 Bxc6 35.f3 R4g5 36.Bxb5 Bb7
37.c4 Rxf5 38.exf5 e4 39.fxe4 Bxe4+ 40.Kh2 Qxf5 41.Rf1 Qg6 42.Qh5 Qg7 43.Qe2 f5
44.Qd2  1-0

[Event "Regionalliga SO9798"]
[Site "Bayern"]
[Date "1998.??.??"]
[Round "?"]
[White "Heiduczek, Josef"]
[Black "Stroeher, Wolfgang"]
[Result "1/2-1/2"]
[WhiteElo "2090"]
[BlackElo "1945"]

1.e4 e5 2.Nf3 Nc6 3.Bb5 a6 4.Ba4 Nf6 5.O-O b5 6.Bb3 Bb7 7.Re1 Bc5 8.c3 d6
9.d4 Bb6 10.Bg5 Qd7 11.a4 O-O-O 12.axb5 axb5 13.Na3 h6 14.Bh4 g5 15.Bg3 h5
16.h4 gxh4 17.Bxh4 Rh6 18.Nxb5 Rg8 19.g3 exd4 20.cxd4 Rhg6 21.Nc3 Qh3 22.Ne2 Nxe4  1/2-1/2

[Event "Regionalliga SO9798"]
[Site "Bayern"]
[Date "1998.??.??"]
[Round "?"]
[White "Rohr, Dieter"]
[Black "Stroeher, Wolfgang"]
[Result "1/2-1/2"]
[WhiteElo "2095"]
[BlackElo "1945"]

1.e4 e5 2.Nf3 Nc6 3.Bb5 a6 4.Ba4 Nf6 5.O-O b5 6.Bb3 Bb7 7.Re1 Bc5 8.c3 d6
9.d4 Bb6 10.a4 h6 11.Na3 O-O 12.d5 Ne7 13.Be3 Bxe3 14.Rxe3 c6 15.dxc6 Bxc6
16.axb5 axb5 17.Qd3 Ng6 18.Rd1 Ng4 19.Ree1 Qb6 20.Qc2 Rad8 21.Bd5 Bd7 22.Qd2 Kh8
23.h3 Nf6 24.Nc2 Nxd5 25.Qxd5 Be6 26.Qd2 f5 27.exf5 Bxf5 28.Nh2 Nf4 29.Rf1 Rf6
30.Ne3 Be4 31.f3 Bb7 32.Rf2 h5 33.Nhf1 Rg6 34.Kh2 Qc7 35.g3 Ne6 36.Qd3 Qf7
37.Qxb5 h4 38.g4 Qf4+ 39.Kg2 Qf7 40.Nd2 Nc5 41.Qc4 Qf8 42.b4 Ne6 43.Kg1 Nf4
44.Qf1 d5 45.Nb3 Ba6 46.b5 Bxb5 47.Qxb5 Nxh3+ 48.Kf1 Nxf2 49.Kxf2 Qf4 50.Rxd5 Rf8
51.Nd2 e4 52.Rh5+ Rh6 53.Rxh6+ gxh6 54.Qc5 Qg3+ 55.Kf1 Qh3+ 56.Ke1 Qg3+ 57.Kf1 Qh3+
58.Ke1  1/2-1/2

[Event "Biel op"]
[Site "Biel"]
[Date "1998.??.??"]
[Round "3"]
[White "Prasad, Devaki V"]
[Black "Sturua, Zurab"]
[Result "1/2-1/2"]
[WhiteElo "2400"]
[BlackElo "2595"]

1.e4 e5 2.Nf3 Nc6 3.Bb5 a6 4.Ba4 Nf6 5.O-O b5 6.Bb3 Bb7 7.d3 Be7 8.a4 O-O
9.axb5 axb5 10.Rxa8 Qxa8 11.Nc3 Na5 12.Nxb5 Nxb3 13.cxb3 Qa5 14.Na3 d5 15.exd5 Qxd5
16.Nc4 Nd7 17.d4 exd4 18.Qxd4 Nc5 19.Qxd5 Bxd5 20.Bf4 Nxb3 21.Nfd2 Bf6 22.Re1 Nxd2
23.Nxd2 c6 24.b3 g5 25.Be3 Rb8 26.Rc1 h6 27.f3 Kg7 28.Kf2 Kg6 29.Ke2 Be5
30.g3 f5 31.Kd3 f4 32.gxf4 gxf4 33.Bd4 Kf5 34.Bxe5 Kxe5 35.Kc3 Kf5 36.Re1 Rg8
37.Re2 h5 38.Kd4 Rd8 39.Re5+ Kg6 40.Kc3 h4 41.Ne4 Rf8 42.b4 Ra8 43.Rg5+ Kh6
44.Rg4 Bxe4 45.fxe4 f3 46.Kd2 Rf8 47.Ke1 Kh5 48.h3  1/2-1/2

[Event "Bled op"]
[Site "Bled"]
[Date "1998.??.??"]
[Round "1"]
[White "Rowson, Jonathan"]
[Black "Kniest, Oliver"]
[Result "1/2-1/2"]
[WhiteElo "2485"]
[BlackElo "2300"]

1.e4 e5 2.Nf3 Nc6 3.Bb5 a6 4.Ba4 Nf6 5.O-O b5 6.Bb3 Bb7 7.Re1 Bc5 8.c3 O-O
9.d4 Bb6 10.Bg5 d6 11.Bd5 h6 12.Bxf6 Qxf6 13.dxe5 dxe5 14.a4 Rab8 15.Na3 Ne7
16.Bxb7 Rxb7 17.Nc2 c6 18.Nb4 a5 19.Nd3 Ng6 20.Qe2 Rd8 21.g3 Qe6 22.axb5  1/2-1/2

[Event "Bled op"]
[Site "Bled"]
[Date "1998.??.??"]
[Round "7"]
[White "Ipavec, Petra"]
[Black "Feichter, Clemens"]
[Result "1-0"]
[WhiteElo "2100"]
[BlackElo "2240"]

1.e4 e5 2.Nf3 Nc6 3.Bb5 a6 4.Ba4 Nf6 5.O-O b5 6.Bb3 Bb7 7.Ng5 d5 8.exd5 Nd4
9.Qe1 Nxb3 10.Qxe5+ Be7 11.axb3 O-O 12.d4 Re8 13.c4 Bc8 14.Ne4 Nxe4 15.Qxe4 Bd6
16.Qd3 Qh4 17.g3 Qh3 18.Nd2 Bg4 19.Ne4 Bf5 20.Re1 Re7 21.Bd2 Rae8 22.f3 Bxg3
23.hxg3 h5 24.Qf1 Qxf1+ 25.Kxf1  1-0

[Event "Primavara (Women)"]
[Site "Bucharest"]
[Date "1998.??.??"]
[Round "11"]
[White "Zatonskih, Anna"]
[Black "Olarasu, Gabriela"]
[Result "1/2-1/2"]
[WhiteElo "2340"]
[BlackElo "2270"]

1.e4 e5 2.Nf3 Nc6 3.Bb5 a6 4.Ba4 Nf6 5.O-O b5 6.Bb3 Bb7 7.d4 Nxd4 8.Nxd4 exd4
9.e5 Ne4 10.c3 d3 11.Qf3 Qe7 12.Re1 Nc5 13.Bd5 c6 14.Be4 Nxe4 15.Qxe4 d5
16.Qxd3 c5 17.a4 Qd7 18.axb5 axb5 19.Rxa8+ Bxa8 20.Qg3 Qe6 21.Nd2 h5 22.h3 h4
23.Qd3 Bc6 24.Nf3 Be7 25.Bg5 Qg6 26.Qxg6 fxg6 27.Ra1 d4 28.Bxe7 Kxe7 29.Ra7+ Ke6
30.Ra6 Kd5 31.cxd4 c4 32.Kf1 b4 33.Ke1 c3 34.bxc3 bxc3 35.Ra5+ Ke6 36.Rc5 Bxf3
37.gxf3 Rd8 38.Rc4 Kd5 39.Rxc3 Kxd4 40.Re3 Re8 41.e6 Kd5 42.e7 Kd6 43.Ke2 Rxe7
44.f4 Ra7 45.Kf3 Ra2 46.Re5 Kd7 47.Rg5 Ra6 48.Kg4 Ke7 49.f5 Ra4+ 50.f4 gxf5+
51.Rxf5 g6 52.Rb5 Kf6 53.Rb6+ Kg7 54.Kg5 Ra5+ 55.Kxh4 Ra1 56.Rb3 Kf6 57.Kg4 Rg1+
58.Kf3 Rf1+ 59.Ke4 Re1+ 60.Kf3 Rh1 61.Ke4 Re1+ 62.Re3 Rxe3+ 63.Kxe3 g5 64.fxg5+ Kxg5  1/2-1/2

[Event "Cap d'Agde op"]
[Site "Cap d'Agde"]
[Date "1998.??.??"]
[Round "7"]
[White "Guidarelli, Laurent"]
[Black "Boudre, Jean Pierre"]
[Result "0-1"]
[WhiteElo "2225"]
[BlackElo "2380"]

1.e4 e5 2.Nf3 Nc6 3.Bb5 a6 4.Ba4 Nf6 5.O-O b5 6.Bb3 Bb7 7.d4 Nxd4 8.Bxf7+ Kxf7
9.Nxe5+ Kg8 10.Qxd4 Qe8 11.Qc3 c5 12.Bf4 Nxe4 13.Qh3 g5 14.Bg3 d6 15.Nd7 Bc8
16.Qf5 Bxd7 17.Qd5+ Kg7 18.Re1 Bc6 19.Qf5 Qg6 20.Qf3 Re8 21.Nc3 d5 22.Nxe4 dxe4
23.Qa3 h5 24.Qxa6 h4 25.Bc7 h3 26.Qa7 Kh6 27.Re3 g4 28.Bf4+ Kh5 29.gxh3 Rh7
30.Qb6 Bd7 31.hxg4+ Bxg4 32.Qxb5  0-1

[Event "POL-ch sf (Women)"]
[Site "Czestochowa"]
[Date "1998.??.??"]
[Round "5"]
[White "Grabarska, Barbara"]
[Black "Glazik, Malgorzata"]
[Result "1/2-1/2"]
[WhiteElo "2245"]
[BlackElo "2105"]

1.e4 e5 2.Nf3 Nc6 3.Bb5 a6 4.Ba4 Nf6 5.O-O b5 6.Bb3 Bb7 7.d3 Bc5 8.a4 O-O
9.Nc3 b4 10.Nd5 Nxd5 11.Bxd5 d6 12.c3 bxc3 13.bxc3 Rb8 14.Rb1 Ba8 15.Rxb8 Qxb8
16.Nh4 Ne7 17.Bc4 a5 18.Bg5 Qe8 19.Qg4 Kh8 20.Kh1 f6 21.Bd2 Bc6 22.f4 Bxa4
23.f5 Bb5 24.Bxb5 Qxb5 25.c4 Qb3 26.Qh3 Kg8 27.Bxa5  1/2-1/2

[Event "FIN-chT9899"]
[Site "FIN"]
[Date "1998.??.??"]
[Round "1"]
[White "Kokkila, Tero"]
[Black "Penttinen, Jarkko"]
[Result "0-1"]
[WhiteElo "2270"]
[BlackElo "2280"]

1.e4 e5 2.Nf3 Nc6 3.Bb5 a6 4.Ba4 Nf6 5.O-O b5 6.Bb3 Bb7 7.d3 Be7 8.c4 bxc4
9.Bxc4 O-O 10.Nc3 d6 11.a3 Nd4 12.Be3 Nxf3+ 13.Qxf3 c6 14.d4 Nd7 15.Rad1 Bf6
16.Qg3 Qe7 17.Rfe1 Rfe8 18.dxe5 Bxe5 19.f4 Bf6 20.Qh3 Nf8 21.Bf2 Ng6 22.Qf3 Qc7
23.Ba2 Rad8 24.Rd2 Bxc3 25.bxc3 Qa5 26.Rb1 Rd7 27.Bc4 Qa4 28.Rb4 Qxa3 29.Rdb2 Bc8
30.g3 Rde7 31.Qd3 Rxe4 32.Qd2 Qa5 33.Qxd6 Rxc4 34.Rxc4 Qa1+ 35.Kg2 Qxb2 36.h4 Re2
37.Qd4 c5 38.Rxc5 Bb7+ 39.Kh3 Rxf2  0-1

[Event "FIN-chT9899"]
[Site "FIN"]
[Date "1998.??.??"]
[Round "2"]
[White "Paavilainen, Jorma"]
[Black "Penttinen, Jarkko"]
[Result "0-1"]
[WhiteElo "2325"]
[BlackElo "2280"]

1.e4 e5 2.Nf3 Nc6 3.Bb5 a6 4.Ba4 Nf6 5.O-O b5 6.Bb3 Bb7 7.Re1 Bc5 8.c3 d6
9.d4 Bb6 10.Qd3 h6 11.Nbd2 O-O 12.Nf1 exd4 13.cxd4 Nb4 14.Qb1 c5 15.Bd2 a5
16.a3 Nc6 17.e5 dxe5 18.dxe5 Nd5 19.Qe4 Nce7 20.Bc2 Ng6 21.Qg4 Nde7 22.Rad1 Qc8
23.e6 f5 24.Qh5 Bd5 25.Ng3 Rf6 26.Nxf5 Bxe6 27.Nxe7+ Nxe7 28.Bc3 Bg4 29.Qe5 Rf7
30.Be4 Bc7 31.Bxa8 Bxe5 32.Nxe5 Bxd1 33.Nxf7 Kxf7  0-1

[Event "BL2-W9798"]
[Site "Germany"]
[Date "1998.??.??"]
[Round "?.1"]
[White "Kosten, Anthony C"]
[Black "Mikhalchishin, Adrian"]
[Result "1/2-1/2"]
[WhiteElo "2530"]
[BlackElo "2515"]

1.e4 e5 2.Nf3 Nc6 3.Bb5 a6 4.Ba4 Nf6 5.O-O b5 6.Bb3 Bb7 7.d3 Be7 8.Nc3 O-O
9.Bd2 d6 10.Nd5 Nxd5 11.Bxd5 Qd7 12.a4 Rfb8 13.b4 bxa4 14.c3 a5 15.Qxa4 axb4
16.Qb5 bxc3 17.Bxc3 Qe8 18.Bd2 Kf8 19.Qc4 Nd8  1/2-1/2

[Event "Ruhr-ch Seniors 5th"]
[Site "Germany"]
[Date "1998.??.??"]
[Round "5"]
[White "Metschan, Helmuth"]
[Black "Szymaniak, Horst"]
[Result "1/2-1/2"]
[WhiteElo "1875"]
[BlackElo "2030"]

1.e4 e5 2.Nf3 Nc6 3.Bb5 a6 4.Ba4 Nf6 5.O-O b5 6.Bb3 Bb7 7.c3 Be7 8.Re1 O-O
9.d4 d6 10.dxe5 dxe5 11.Qxd8 Raxd8 12.Bg5 Rfe8 13.Nbd2 h6 14.Bxf6 Bxf6 15.Bd5 g5
16.g4 Rd6 17.c4 Bg7 18.cxb5 axb5 19.Rac1 Rb8 20.a3 Ne7 21.Bxb7 Rxb7 22.Rc5 Rd3
23.Rec1 c6 24.R1c3 Rbd7 25.Rxd3 Rxd3 26.Kf1 Rd6 27.Nb3 f6 28.Rc2 Kf7 29.Rd2 Nc8
30.Ke2 Rxd2+ 31.Nfxd2 Bf8 32.Na5 c5 33.Nf1 Nb6 34.Kd2 Ke6 35.Ne3 Kd6 36.Nf5+ Kc7
37.Nb3 c4 38.Nc1 Kc6 39.Na2 Na4 40.Kc2 Kb6 41.Nc3 Nxc3 42.Kxc3 Kc5 43.h3 b4+
44.axb4+ Kb5 45.b3 Bxb4+ 46.Kc2  1/2-1/2

[Event "Gyongyos Matra Kupa"]
[Site "Gyongyos"]
[Date "1998.??.??"]
[Round "9"]
[White "Foldi, Istvan"]
[Black "Vujosevic, Vladimir"]
[Result "1-0"]
[WhiteElo "2390"]
[BlackElo "2370"]

1.e4 e5 2.Nf3 Nc6 3.Bb5 a6 4.Ba4 Nf6 5.O-O b5 6.Bb3 Bb7 7.d3 Be7 8.Nc3 O-O
9.a4 b4 10.Ne2 d5 11.exd5 Nxd5 12.a5 Re8 13.Ng3 Bf8 14.Re1 Qd7 15.Bd2 f6
16.Bc4 Kh8 17.Re4 g6 18.Rh4 g5 19.Rh5 Nf4 20.Bxf4 gxf4 21.Nf5 Ne7 22.Nxe5  1-0

[Event "HUN-chT9899"]
[Site "HUN"]
[Date "1998.??.??"]
[Round "?"]
[White "Acs, Peter"]
[Black "Beliavsky, Alexander G"]
[Result "1/2-1/2"]
[WhiteElo "2500"]
[BlackElo "2645"]

1.e4 e5 2.Nf3 Nc6 3.Bb5 a6 4.Ba4 Nf6 5.O-O b5 6.Bb3 Bb7 7.c3 Nxe4 8.d4 Na5
9.Bc2 exd4 10.Nxd4 c5 11.Nf5 d5 12.Nd2 g6 13.Ng3 Nxg3 14.fxg3 Be7 15.Nf3 d4
16.Bh6 Nc4 17.cxd4 cxd4 18.Bb3 Qb6 19.Re1 Rd8 20.Bxc4 bxc4 21.Qa4+ Rd7 22.Qxc4 d3+
23.Kh1 Bxf3 24.gxf3 d2 25.Red1 g5 26.Bg7 Rg8 27.Bc3 Qf2 28.Qc6 Rg6 29.Qxd7+ Kxd7
30.Rxd2+ Qxd2 31.Bxd2 Rb6 32.Bc3 Bb4 33.Rd1+ Ke6 34.Bxb4 Rxb4 35.Rd2 h5 36.Kg2 f5
37.Kf2 f4 38.gxf4 Rxf4 39.Ke3 Rb4 40.b3 a5 41.Rd8 Rh4 42.Ra8  1/2-1/2

[Event "MK Cafe Cup-B"]
[Site "Koszalin"]
[Date "1998.??.??"]
[Round "3"]
[White "Novikov, Evgenij"]
[Black "Doba, Henryk"]
[Result "1/2-1/2"]
[WhiteElo "2160"]
[BlackElo "2150"]

1.e4 e5 2.Nf3 Nc6 3.Bb5 a6 4.Ba4 Nf6 5.O-O b5 6.Bb3 Bb7 7.d3 h6 8.c3 Be7
9.Re1 O-O 10.Nbd2 d5 11.exd5 Nxd5 12.Nxe5 Nxe5 13.Rxe5 Nf6 14.Nf1 Qd6 15.Re1 Qc6
16.f3 Bd6 17.Ng3 Bxg3 18.hxg3 Rad8 19.d4 Rd7 20.Qd3 Rfd8 21.Be3 Qd6 22.Bf4 Qf8
23.Bc2 g6 24.Qd2 Kh7 25.b4 Nd5 26.Kf2 Nxf4 27.Qxf4 Qd6 28.Re5 f6 29.Rh1 fxe5
30.Qxh6+ Kg8 31.Qh8+ Kf7 32.Qh7+ Kf8 33.Qh6+ Rg7  1/2-1/2

[Event "MK Cafe Cup-B"]
[Site "Koszalin"]
[Date "1998.??.??"]
[Round "6"]
[White "Dworakowski, Lukasz"]
[Black "Mista, Aleksander"]
[Result "1-0"]
[WhiteElo "2340"]
[BlackElo "2255"]

1.e4 e5 2.Nf3 Nc6 3.Bb5 a6 4.Ba4 Nf6 5.O-O b5 6.Bb3 Bb7 7.Re1 Bc5 8.c3 d6
9.d3 O-O 10.Nbd2 Bb6 11.Nf1 Na5 12.Bc2 Ng4 13.d4 d5 14.h3 Nf6 15.Bg5 dxe4
16.Nxe5 Qd6 17.Ng3 Rad8 18.Bxe4 c5 19.Bxb7 Nxb7 20.Qf3 Qd5 21.Ne4 Nxe4 22.Bxd8 Nxd8
23.Qxe4 Qd6 24.Nf3 cxd4 25.cxd4 Ne6 26.Rac1 Nxd4 27.Nxd4 Qxd4 28.Qxd4 Bxd4
29.b3 g6 30.Re7 a5 31.Rd7 Bb6 32.Rb7 Bd4 33.Rxb5 Re8 34.Kf1 Bb2 35.Rc7 Ba3
36.Rcb7 Re4 37.Rxa5 Bb4 38.Ra8+ Kg7 39.g3  1-0

[Event "Montecatini Terme-B"]
[Site "Montecatini Terme "]
[Date "1998.??.??"]
[Round "9"]
[White "Naumkin, Igor"]
[Black "Tomescu, Vlad"]
[Result "1/2-1/2"]
[WhiteElo "2435"]
[BlackElo "2415"]

1.e4 e5 2.Nf3 Nc6 3.Bb5 a6 4.Ba4 Nf6 5.O-O b5 6.Bb3 Bb7 7.Re1 Bc5 8.c3 d6
9.d4 Bb6 10.Bg5 h6 11.Bh4 Qe7 12.a4 g5 13.Bg3 h5 14.h4 g4 15.Ng5 Nd8 16.axb5 axb5
17.Rxa8 Bxa8 18.Na3 Nd7 19.d5 f6 20.Ne6 Nxe6 21.dxe6 Nc5 22.Nxb5 Nxe6 23.Kh2 Bc6
24.Na3 Nc5 25.Bd5  1/2-1/2

[Event "Montpellier opA"]
[Site "Montpellier"]
[Date "1998.??.??"]
[Round "3"]
[White "Hamdouchi, Hichem"]
[Black "Skripchenko, Almira"]
[Result "1-0"]
[WhiteElo "2535"]
[BlackElo "2400"]

1.e4 e5 2.Nf3 Nc6 3.Bb5 a6 4.Ba4 Nf6 5.O-O b5 6.Bb3 Bb7 7.d3 Bc5 8.Nc3 h6
9.a4 b4 10.Nd5 d6 11.a5 Bc8 12.Be3 O-O 13.Bxc5 dxc5 14.Ne3 Qe7 15.Nh4 Kh7
16.Nhf5 Bxf5 17.Nxf5 Qd7 18.c3 Rfd8 19.Bc4 Ne7 20.Nxe7 Qxe7 21.Qe2 c6 22.f4 bxc3
23.bxc3 exf4 24.Rxf4 Nd5 25.Rf2 Nxc3 26.Qb2 Nb5 27.Rxf7 Qg5 28.e5 Nd4 29.Re1 Re8
30.e6 Re7 31.Qf2 Rae8 32.h4 Qh5 33.Re4 Nb5 34.Rxe7 Rxe7 35.Qf8 Qe8 36.Qxe8 Rxe8
37.Re5  1-0

[Event "EU-ch U14"]
[Site "Murek"]
[Date "1998.??.??"]
[Round "7"]
[White "Werle, Jan"]
[Black "Owczarzak, Jerzy"]
[Result "1/2-1/2"]
[WhiteElo "2190"]
[BlackElo "2205"]

1.e4 e5 2.Nf3 Nc6 3.Bb5 a6 4.Ba4 Nf6 5.O-O b5 6.Bb3 Bb7 7.Re1 Bc5 8.c3 d6
9.d4 Bb6 10.a4 h6 11.axb5 axb5 12.Rxa8 Qxa8 13.Na3 O-O 14.Nxb5 Na5 15.dxe5 dxe5
16.Be3 Nxb3 17.Bxb6 cxb6 18.Qxb3 Bxe4 19.c4 Rd8 20.Qe3 Qb7 21.Nc3 Bc6 22.h3 Bxf3
23.Qxf3 Qxf3 24.gxf3 Rd4 25.b3 Nd7 26.Nd5 Kh7  1/2-1/2

[Event "Nova Gorica op"]
[Site "Nova Gorica"]
[Date "1998.??.??"]
[Round "4"]
[White "Kutuzovic, Branko"]
[Black "Mikhalchishin, Adrian"]
[Result "1/2-1/2"]
[WhiteElo "2425"]
[BlackElo "2530"]

1.e4 e5 2.Nf3 Nc6 3.Bb5 a6 4.Ba4 Nf6 5.O-O b5 6.Bb3 Bb7 7.Re1 Bc5 8.c3 d6
9.d4 Bb6 10.Be3 O-O 11.Nbd2 h6 12.h3 Rb8 13.a3 Re8 14.Bc2 Na7 15.dxe5 dxe5
16.Bxb6 cxb6 17.Nh2 Nc8 18.Qe2 Nd6 19.Ng4 Nxg4 20.Qxg4 Qd7 21.Bb3 Rbd8 22.Qe2 g6
23.Rac1 Kg7 24.c4 Qe7 25.Qe3 bxc4 26.Bxc4 Qg5 27.Qxg5 hxg5 28.Bf1 Re7 29.f3 f5
30.exf5 gxf5 31.b4 Kf6 32.a4 Rdd7  1/2-1/2

[Event "Nova Gorica op"]
[Site "Nova Gorica"]
[Date "1998.??.??"]
[Round "6"]
[White "Vuckovic, Bojan"]
[Black "Kolar, Srecko"]
[Result "1/2-1/2"]
[WhiteElo "2320"]
[BlackElo "2155"]

1.e4 e5 2.Nf3 Nc6 3.Bb5 a6 4.Ba4 Nf6 5.O-O b5 6.Bb3 Bb7 7.Re1 Bc5 8.c3 d6
9.d4 Bb6 10.Be3 h6 11.h3 O-O 12.Nbd2 Re8 13.d5 Ne7 14.Bxb6 cxb6 15.Nf1 Bc8
16.Bc2 Rf8 17.Ne3 g6 18.Qd2 Kh7 19.c4 bxc4 20.Nxc4 b5 21.Na5 Qb6 22.a4 Bd7
23.Qb4 Rfb8 24.axb5 Bxb5 25.Nxe5 Nexd5 26.exd5 dxe5 27.Rxe5 Qc7 28.Qc3 Qxc3
29.bxc3 Rc8 30.Bb3 Rxc3 31.d6 Rd3 32.Re7 Rf8 33.Rd1 Rxd1+ 34.Bxd1 Rd8 35.Nb7 Rd7
36.Rxd7  1/2-1/2

[Event "RUS-Cup"]
[Site "Omsk/Perm"]
[Date "1998.??.??"]
[Round "1"]
[White "Gorbushin, Anatoly"]
[Black "Potapov, Alexander"]
[Result "0-1"]
[WhiteElo "2255"]
[BlackElo "2475"]

1.e4 e5 2.Nf3 Nc6 3.Bb5 a6 4.Ba4 Nf6 5.O-O b5 6.Bb3 Bb7 7.d3 Bd6 8.c4 bxc4
9.Bxc4 O-O 10.Qa4 Kh8 11.h3 Nh5 12.Nc3 f5 13.Bd5 Nf6 14.Bg5 Qe8 15.Bxf6 Rxf6
16.exf5 Rxf5 17.Be4 Rf8 18.Nd5 Nd8 19.Rae1 Rb8 20.d4 exd4 21.Qxd4 Ne6 22.Qc4 Qh5
23.b3 Bc6 24.Nc3 Rxf3 25.Bxc6 Rxh3 26.g3 dxc6 27.Qxe6 Bc5 28.Ne4 Rh1+ 29.Kg2 Rh2+
30.Kg1 Rf8  0-1

[Event "Atom Cup GM 3rd"]
[Site "Paks"]
[Date "1998.??.??"]
[Round "7"]
[White "Horvath, Adam"]
[Black "Vujosevic, Vladimir"]
[Result "1-0"]
[WhiteElo "2455"]
[BlackElo "2370"]

1.e4 e5 2.Nf3 Nc6 3.Bb5 a6 4.Ba4 Nf6 5.O-O b5 6.Bb3 Bb7 7.c3 Nxe4 8.d4 Na5
9.Bc2 exd4 10.b4 Nc4 11.Bxe4 Bxe4 12.Re1 d5 13.Nxd4 c5 14.bxc5 Bxc5 15.f3 O-O
16.fxe4 dxe4 17.Rxe4 Qd5 18.Rf4 Rad8 19.Nd2 g5 20.Ne4 f5 21.Nxg5 b4 22.Nxh7 Rf7
23.Ng5 Rg7 24.Nf3 bxc3 25.Kh1 Rg4 26.Qe2 Bxd4 27.Nxd4 Rxf4 28.Bxf4 Qxd4 29.Qe6+ Kh8
30.Qh6+ Kg8 31.Qe6+ Kh8 32.Re1 Rf8 33.Qh6+ Kg8 34.Qg6+ Qg7 35.Qxa6 Qf7 36.h3 Nd2
37.Re6 Re8 38.Rg6+ Kh7 39.Rh6+ Kg8 40.Kh2 Ne4 41.Rg6+ Kh7 42.Rc6 Re7 43.Qb6 Kg7
44.Qd4+ Kg8 45.Rh6 Qg7 46.Qd8+ Kf7 47.Qd5+ Ke8 48.Rc6  1-0

[Event "RUS-ch sf"]
[Site "Pskov"]
[Date "1998.??.??"]
[Round "5"]
[White "Bezgodov, Alexei"]
[Black "Potapov, Alexander"]
[Result "1/2-1/2"]
[WhiteElo "2520"]
[BlackElo "2475"]

1.e4 e5 2.Nf3 Nc6 3.Bb5 a6 4.Ba4 Nf6 5.O-O b5 6.Bb3 Bb7 7.c3 Nxe4 8.d4 Na5
9.Bc2 exd4 10.Bxe4 Bxe4 11.Re1 d5 12.Nxd4 c5 13.Nf5 Qd7 14.Ng3 Be7 15.Nxe4  1/2-1/2

[Event "Ptuj"]
[Site "Ptuj"]
[Date "1998.??.??"]
[Round "?"]
[White "Zheliandinov, Viktor"]
[Black "Mikhalchishin, Adrian"]
[Result "1/2-1/2"]
[WhiteElo "2410"]
[BlackElo "2530"]

1.e4 e5 2.Nf3 Nc6 3.Bb5 a6 4.Ba4 Nf6 5.O-O b5 6.Bb3 Bb7 7.d3 Be7 8.Nc3 O-O
9.a4 b4 10.Nd5 Na5 11.Nxe7+ Qxe7 12.Ba2 d5 13.exd5 Bxd5 14.Bxd5 Nxd5 15.Re1 f6
16.Bd2 c5 17.Qe2 Qd7 18.Qe4 Rad8 19.Be3 Rc8 20.Rad1 Kh8 21.Bd2 Rfd8 22.h4 Qf7
23.Qf5 Nc6  1/2-1/2

[Event "Pula op"]
[Site "Pula"]
[Date "1998.??.??"]
[Round "9"]
[White "Drei, Andrea"]
[Black "Kolar, Srecko"]
[Result "1-0"]
[WhiteElo "2320"]
[BlackElo "2155"]

1.e4 e5 2.Nf3 Nc6 3.Bb5 a6 4.Ba4 Nf6 5.O-O b5 6.Bb3 Bb7 7.c3 Nxe4 8.d4 d5
9.dxe5 Na5 10.Bc2 Nc4 11.Qe2 Be7 12.b3 Nb6 13.Nd4 Qd7 14.f3 Nc5 15.Be3 Ne6
16.f4 c5 17.Nf5 Bf8 18.Nd6+ Bxd6 19.exd6 O-O-O 20.f5 Qxd6 21.fxe6 fxe6 22.Bf4 Qc6
23.Nd2 Rdf8 24.Rae1 Re8 25.Nf3 Nd7 26.Ne5 Nxe5 27.Qxe5 h6 28.Bg6  1-0

[Event "Balazs mem op"]
[Site "Salgotarjan"]
[Date "1998.??.??"]
[Round "4"]
[White "Szabo, Zsolt Jozsef"]
[Black "Vujosevic, Vladimir"]
[Result "1/2-1/2"]
[WhiteElo "2405"]
[BlackElo "2370"]

1.e4 e5 2.Nf3 Nc6 3.Bb5 a6 4.Ba4 Nf6 5.O-O b5 6.Bb3 Bb7 7.Re1 Bc5 8.c3 d6
9.d4 Bb6 10.a4 h6 11.Qd3 O-O 12.Nbd2 Re8 13.d5 Ne7 14.Nf1 c6 15.dxc6 Bxc6
16.Ng3 Qc7 17.Nh4 d5 18.exd5 Nexd5 19.Ngf5 e4 20.Qh3 Re6 21.axb5 axb5 22.Rxa8+ Bxa8
23.Nxg7 Kxg7 24.Nf5+ Kg8 25.Nxh6+ Kf8 26.Nf5 Kg8 27.Qh4 Nh7 28.Rxe4 Rxe4
29.Qxe4 Nhf6 30.Qh4 Qe5 31.Qg5+ Kf8 32.Be3 Nxe3 33.Qh6+ Ke8 34.Nxe3 Bxe3
35.Qh8+ Ke7 36.Qxa8 Bc1 37.Qa3+ Ke8 38.g3 Qe1+ 39.Kg2 Qe4+ 40.Kg1 Qe1+ 41.Kg2 Qe4+
42.Kg1  1/2-1/2

[Event "San Jose op"]
[Site "San Jose"]
[Date "1998.??.??"]
[Round "1"]
[White "Lopez Gracia, Fernando"]
[Black "Molino, A."]
[Result "1-0"]
[WhiteElo "2315"]
[BlackElo "1760"]

1.e4 e5 2.Nf3 Nc6 3.Bb5 a6 4.Ba4 Nf6 5.O-O b5 6.Bb3 Bb7 7.Re1 Bc5 8.c3 O-O
9.d4 Bb6 10.Be3 Na5 11.dxe5 Nxb3 12.axb3 Bxe3 13.exf6 Bxf2+ 14.Kxf2 Qxf6
15.Qxd7 Qb6+ 16.Qd4 c5 17.Qe3 Rae8 18.Nbd2 f5 19.Kg1 fxe4 20.Ng5 Rf5 21.Rf1 Rxg5
22.Qxg5 c4+ 23.Kh1 Re6 24.bxc4 e3 25.c5 Qc6 26.Nf3 e2 27.Nd4 exf1=Q+ 28.Rxf1 Rf6
29.Rxf6 Qxf6 30.Qxf6 gxf6 31.c6 Bc8 32.g3 Kf7 33.Kg2 Ke7 34.Kf3 Kd6 35.Ke4 h5
36.b4 Bg4 37.h4 Bh3 38.c7 Bc8 39.Nf5+ Kxc7 40.Ng7 Bg4 41.Ne8+ Kc6 42.Nxf6 Bd1
43.Ke5 Be2 44.g4 hxg4 45.Kf4 Kd6 46.Nxg4 Ke6 47.h5 Bd3 48.h6 Bh7 49.Ke3 Kf5
50.Nf2 Ke5 51.Nh3 Kf5 52.Kd4 Kg6 53.Kc5 Kxh6 54.Kb6 Bf5 55.Nf4 Kg5 56.Nd5 Be4
57.Nc7 Kf5 58.Kxa6 Bd3 59.Nxb5 Ke5 60.Kb6 Kd5 61.Na3 Be2 62.c4+ Kd6 63.c5+ Kd7
64.Nb5 Bf3 65.Na7  1-0